00423nam a2200169Ia 4500003000400000005001700004008004000021020001800061040000700079041000800086082001600094100001700110245006100127250000600188260004800194300001100242OSt20250807162144.0210210b2013 xxu||||| |||| 00| 0 eng d a9788125937180 cAL aeng a379.54 AGGL aAggarwal J C aLandmarks in the history of modern Indian education Ed 7 a7 aUPbVikas Publishing House Pvt Ltd.,c2013 ax,678p